Problems of extension of primary education in rural areas. (Record no. 77394)
[ view plain ]
| 000 -LEADER | |
|---|---|
| fixed length control field | 00641cam a22002171 4500 |
| 001 - CONTROL NUMBER | |
| control field | sa 68000699 |
| 003 - CONTROL NUMBER IDENTIFIER | |
| control field | DLC |
| 005 - DATE AND TIME OF LATEST TRANSACTION | |
| control field | 20260227112426.0 |
| 008 - FIXED-LENGTH DATA ELEMENTS--GENERAL INFORMATION | |
| fixed length control field | 720403s1967 ii b 00000 eng |
| 010 ## - LIBRARY OF CONGRESS CONTROL NUMBER | |
| LC control number | sa 68000699 //r84 |
| 043 ## - GEOGRAPHIC AREA CODE | |
| Geographic area code | a-ii--- |
| 050 0# - LIBRARY OF CONGRESS CALL NUMBER | |
| Classification number | LB1568.I4 |
| Item number | A53 |
| 082 ## - DEWEY DECIMAL CLASSIFICATION NUMBER | |
| Classification number | 372.9/54 |
| 110 10 - MAIN ENTRY--CORPORATE NAME | |
| Corporate name or jurisdiction name as entry element | India. |
| Subordinate unit | Planning Commission. |
| -- | Programme Evaluation Organisation. |
| 245 10 - TITLE STATEMENT | |
| Title | Problems of extension of primary education in rural areas. |
| 260 1# - PUBLICATION, DISTRIBUTION, ETC. | |
| Place of publication, distribution, etc. | [New Delhi] |
| Date of publication, distribution, etc. | 1965 [i.e. 1967] |
| 300 ## - PHYSICAL DESCRIPTION | |
| Extent | vii, 254 p. |
| Dimensions | 24 cm. |
| 350 ## - PRICE (NR) (BK AM CF MU VM SE) [OBSOLETE] | |
| Price | Rs2.95 |
| -- | $1.07 |
| 504 ## - BIBLIOGRAPHY, ETC. NOTE | |
| Bibliography, etc. note | Bibliographical footnotes. |
| 650 #0 - SUBJECT ADDED ENTRY--TOPICAL TERM | |
| Topical term or geographic name entry element | Rural schools |
| Geographic subdivision | India. |
No items available.